| 000 | 01441nam a2200325 c 4500 | ||
|---|---|---|---|
| 003 | BLK | ||
| 005 | 20250329113243.0 | ||
| 008 | 180409b bul|||||r ||||||| ||bul|| | ||
| 010 | _aKNG00113365000 | ||
| 040 | _aBLK | ||
| 041 |
_aBUL _cBUL |
||
| 080 |
_aЕтеричномаслени растения. Ароматни, оцветителни, дъбилни, лекарствени растения _b633.8 _x _z633.8 |
||
| 100 | 1 |
_aЯнкулов, Йордан Кръстев _eпърви автор _9369575 |
|
| 700 | 1 |
_aЦветковска, Таня _eред. _9311137 |
|
| 139 |
_aЯнкулов, Йордан Кръстев _bЯ 62 |
||
| 245 | 1 | 0 |
_aОсновни ароматни растения _b19 съвременни технологии за култивиране _cЙордан Кръстев Янкулов; ред. Таня Цветковска. |
| 257 | _aBGR | ||
| 260 |
_аСофия _bИзд. авт. _c2000 |
||
| 300 |
_a228 с. _c23 см |
||
| 380 | _a63 | ||
| 650 | 4 |
_aЕтеричномаслени култури - болести и вредители _9273055 |
|
| 653 | _aетеричномаслени култури | ||
| 653 | _aотглеждане | ||
| 852 | _aЦб 219768 | ||
| 856 | 4 |
_qpdf _u |
|
| 856 | 4 |
_qpdf _u |
|
| 942 |
_cKNG _n0 _011 |
||
| 944 |
_aCR _c02.06.2004 _lМартин Енчев _k30575 |
||
| 944 |
_aED _c18.08.2016 _lф / _kВиолета_Тройчева |
||
| 999 |
_c108067 _d108067 |
||